[Event "Team men PL"]
[Site "Sochi"]
[Date "2020.11.22"]
[Round "4.16"]
[White "Potkin, Vladimir"]
[Black "Makarian, Rudik"]
[Result "1-0"]
[BlackElo "2441"]
[WhiteElo "2583"]
[LiveChessVersion "1.4.8"]

1.d4 {[%clk 1:30:55]} Nf6 {[%clk 1:30:54]} 2.c4 {[%clk 1:31:17]}
g6 {[%clk 1:31:04]} 3.Nc3 {[%clk 1:31:37]} Bg7 {[%clk 1:31:31]}
4.e4 {[%clk 1:31:58]} d6 {[%clk 1:31:59]} 5.Be2 {[%clk 1:31:53]}
O-O {[%clk 1:32:13]} 6.Be3 {[%clk 1:31:27]} Nc6 {[%clk 1:32:10]}
7.d5 {[%clk 1:30:49]} Ne5 {[%clk 1:32:25]} 8.f4 {[%clk 1:30:42]}
Neg4 {[%clk 1:32:52]} 9.Bd2 {[%clk 1:31:03]} Nh6 {[%clk 1:33:16]}
10.Nf3 {[%clk 1:30:49]} c6 {[%clk 1:33:23]} 11.Bd3 {[%clk 1:30:28]}
b5 {[%clk 1:17:28]} 12.dxc6 {[%clk 1:23:07]} bxc4 {[%clk 1:17:15]}
13.Bxc4 {[%clk 1:23:28]} Nxe4 {[%clk 1:16:07]} 14.Nxe4 {[%clk 1:22:48]}
d5 {[%clk 1:16:26]} 15.c7 {[%clk 1:03:25]} Qd7 {[%clk 1:15:56]}
16.Ba5 {[%clk 0:51:18]} dxe4 {[%clk 0:45:02]} 17.Qxd7 {[%clk 0:50:06]}
Bxd7 {[%clk 0:45:21]} 18.O-O-O {[%clk 0:40:23]} exf3 {[%clk 0:32:36]}
19.Rxd7 {[%clk 0:39:57]} fxg2 {[%clk 0:33:04]} 20.Rg1 {[%clk 0:38:31]}
Nf5 {[%clk 0:32:46]} 21.Bd5 {[%clk 0:29:27]} Rae8 {[%clk 0:24:31]}
22.Rd8 {[%clk 0:20:05]} Nd6 {[%clk 0:24:38]} 23.Bc6 {[%clk 0:16:27]} 1-0

[Event "Team men PL"]
[Site "Sochi"]
[Date "2020.11.22"]
[Round "4.17"]
[White "Petrov, Nikita"]
[Black "Kornev, Alexei"]
[Result "1/2-1/2"]
[BlackElo "2515"]
[WhiteElo "2577"]
[LiveChessVersion "1.4.8"]

1.d4 {[%clk 1:30:52]} Nf6 {[%clk 1:30:49]} 2.c4 {[%clk 1:31:12]}
e6 {[%clk 1:31:14]} 3.Nc3 {[%clk 1:31:12]} Bb4 {[%clk 1:31:32]}
4.Nf3 {[%clk 1:30:58]} Bxc3+ {[%clk 1:26:26]} 5.bxc3 {[%clk 1:31:20]}
b6 {[%clk 1:26:50]} 6.Nd2 {[%clk 1:28:33]} Bb7 {[%clk 1:21:23]}
7.f3 {[%clk 1:27:53]} Nh5 {[%clk 1:18:15]} 8.g3 {[%clk 1:21:05]}
f5 {[%clk 1:13:25]} 9.e4 {[%clk 1:01:49]} f4 {[%clk 1:09:54]}
10.Bd3 {[%clk 1:00:56]} d6 {[%clk 1:05:09]} 11.g4 {[%clk 0:56:54]}
Nf6 {[%clk 1:01:08]} 12.Qe2 {[%clk 0:54:27]} Nc6 {[%clk 0:55:22]}
13.Nb3 {[%clk 0:52:00]} O-O {[%clk 0:51:23]} 14.O-O {[%clk 0:45:15]}
e5 {[%clk 0:48:36]} 15.a4 {[%clk 0:43:32]} Kh8 {[%clk 0:44:19]}
16.a5 {[%clk 0:41:11]} Nd7 {[%clk 0:37:41]} 17.Ba3 {[%clk 0:28:47]}
Qf6 {[%clk 0:35:33]} 18.Qf2 {[%clk 0:29:11]} Ba6 {[%clk 0:34:14]}
19.Rfd1 {[%clk 0:27:55]} Rfb8 {[%clk 0:32:02]} 20.axb6 {[%clk 0:20:43]}
axb6 {[%clk 0:28:57]} 21.Bb2 {[%clk 0:17:57]} Qf7 {[%clk 0:24:45]}
22.Qe2 {[%clk 0:17:26]} Qg8 {[%clk 0:22:21]} 23.Rdb1 {[%clk 0:12:08]}
Ra7 {[%clk 0:18:20]} 24.Ra3 {[%clk 0:11:31]} Rba8 {[%clk 0:17:20]}
25.Rba1 {[%clk 0:11:54]} Qb8 {[%clk 0:17:03]} 26.Bc1 {[%clk 0:11:10]}
Bc8 {[%clk 0:14:44]} 27.Qb2 {[%clk 0:10:34]} Rxa3 {[%clk 0:11:17]}
28.Rxa3 {[%clk 0:11:00]} Rxa3 {[%clk 0:11:08]} 29.Qxa3 {[%clk 0:11:25]}
Ne7 {[%clk 0:10:29]} 30.Qa4 {[%clk 0:06:08]} c5 {[%clk 0:10:28]}
31.Bd2 {[%clk 0:05:08]} h6 {[%clk 0:10:13]} 32.Be1 {[%clk 0:04:00]}
g5 {[%clk 0:09:50]} 33.Bf2 {[%clk 0:04:08]} Kg7 {[%clk 0:08:23]}
34.Nd2 {[%clk 0:03:15]} Nf6 {[%clk 0:08:33]} 35.Nb1 {[%clk 0:03:40]}
Bd7 {[%clk 0:08:17]} 36.Qa6 {[%clk 0:03:26]} Bc8 {[%clk 0:08:42]}
37.Qa4 {[%clk 0:03:43]} Bd7 {[%clk 0:08:44]} 38.Qa6 {[%clk 0:03:29]}
Bc8 {[%clk 0:09:08]} 39.Qa4 Bd7 1/2-1/2

[Event "Team men PL"]
[Site "Sochi"]
[Date "2020.11.22"]
[Round "4.18"]
[White "Chernyshov, Konstantin"]
[Black "Zakhartsov, Vladimir"]
[Result "1/2-1/2"]
[BlackElo "2484"]
[WhiteElo "2427"]
[LiveChessVersion "1.4.8"]

1.e4 {[%clk 1:30:39]} c5 {[%clk 1:30:32]} 2.Nf3 {[%clk 1:30:33]}
d6 {[%clk 1:30:52]} 3.Bb5+ {[%clk 1:30:30]} Nd7 {[%clk 1:27:22]}
4.d4 {[%clk 1:29:30]} cxd4 {[%clk 1:26:00]} 5.Qxd4 {[%clk 1:29:42]}
e5 {[%clk 1:24:27]} 6.Qd3 {[%clk 1:29:15]} Be7 {[%clk 1:23:01]}
7.Nc3 {[%clk 1:27:51]} a6 {[%clk 1:17:22]} 8.Bxd7+ {[%clk 1:24:44]}
Bxd7 {[%clk 1:17:49]} 9.Nd5 {[%clk 1:24:07]} Nf6 {[%clk 1:15:40]}
10.Nxe7 {[%clk 1:08:57]} Qxe7 {[%clk 1:15:52]} 11.Bg5 {[%clk 1:09:12]}
Rc8 {[%clk 1:11:43]} 12.O-O-O {[%clk 1:00:55]} Rc6 {[%clk 1:03:46]}
13.Nd2 {[%clk 0:56:58]} Be6 {[%clk 0:58:23]} 14.f4 {[%clk 0:49:42]}
exf4 {[%clk 0:54:00]} 15.Nf3 {[%clk 0:44:03]} O-O {[%clk 0:51:00]}
16.Rhe1 {[%clk 0:32:28]} Rfc8 {[%clk 0:47:13]} 17.Rd2 {[%clk 0:27:35]}
Bxa2 {[%clk 0:31:23]} 18.Qa3 {[%clk 0:21:13]} Be6 {[%clk 0:31:43]}
19.e5 {[%clk 0:21:33]} Qc7 {[%clk 0:32:08]} 20.Nd4 {[%clk 0:21:56]}
Rc4 {[%clk 0:26:18]} 21.Bxf6 {[%clk 0:15:26]} d5 {[%clk 0:21:51]}
22.Kb1 {[%clk 0:13:14]} gxf6 {[%clk 0:15:48]} 23.exf6 {[%clk 0:13:36]}
Kh8 {[%clk 0:13:16]} 24.Ree2 {[%clk 0:10:00]} Qd7 {[%clk 0:11:35]}
25.Qe7 {[%clk 0:07:25]} Qxe7 {[%clk 0:09:50]} 26.fxe7 {[%clk 0:07:48]}
Re8 {[%clk 0:09:34]} 27.Nxe6 {[%clk 0:08:04]} fxe6 {[%clk 0:10:01]}
28.Rxe6 {[%clk 0:08:29]} Rc7 {[%clk 0:10:11]} 29.Rde2 {[%clk 0:05:41]}
Kg7 {[%clk 0:10:33]} 30.R2e5 {[%clk 0:05:45]} Kf7 {[%clk 0:10:25]}
31.Rh6 {[%clk 0:06:09]} Kg7 {[%clk 0:10:39]} 32.Reh5 {[%clk 0:05:16]}
Rexe7 {[%clk 0:10:32]} 33.Rxh7+ {[%clk 0:05:35]} Kg6 {[%clk 0:10:50]}
34.R7h6+ {[%clk 0:05:05]} Kg7 {[%clk 0:11:03]} 35.Rh7+ {[%clk 0:05:29]}
Kg6 {[%clk 0:11:28]} 36.R7h6+ {[%clk 0:05:34]} Kg7 {[%clk 0:11:56]}
37.Rh7+ {[%clk 0:05:55]} Kg6 {[%clk 0:12:23]} 38.R7h6+ {[%clk 0:06:11]}
 1/2-1/2

[Event "Team men PL"]
[Site "Sochi"]
[Date "2020.11.22"]
[Round "4.19"]
[White "Riazantsev, Alexander"]
[Black "Lobanov, Sergei"]
[Result "1-0"]
[BlackElo "2522"]
[WhiteElo "2628"]
[LiveChessVersion "1.4.8"]

1.d4 {[%clk 1:30:58]} Nf6 {[%clk 1:30:55]} 2.c4 {[%clk 1:31:21]}
g6 {[%clk 1:31:20]} 3.Nc3 {[%clk 1:31:36]} d5 {[%clk 1:31:44]}
4.cxd5 {[%clk 1:31:53]} Nxd5 {[%clk 1:32:10]} 5.e4 {[%clk 1:32:15]}
Nxc3 {[%clk 1:32:35]} 6.bxc3 {[%clk 1:32:37]} Bg7 {[%clk 1:33:02]}
7.Bb5+ {[%clk 1:32:57]} c6 {[%clk 1:33:16]} 8.Ba4 {[%clk 1:33:20]}
O-O {[%clk 1:33:34]} 9.Nf3 {[%clk 1:32:49]} b5 {[%clk 1:31:05]}
10.Bb3 {[%clk 1:31:35]} a5 {[%clk 1:31:06]} 11.O-O {[%clk 1:29:47]}
a4 {[%clk 1:30:39]} 12.Bc2 {[%clk 1:30:11]} c5 {[%clk 1:28:13]}
13.Rb1 {[%clk 1:27:29]} Ba6 {[%clk 1:17:38]} 14.Re1 {[%clk 1:12:45]}
Nc6 {[%clk 1:06:40]} 15.e5 {[%clk 1:10:39]} cxd4 {[%clk 1:02:11]}
16.cxd4 {[%clk 1:08:42]} Rc8 {[%clk 0:59:33]} 17.d5 {[%clk 0:51:19]}
Na5 {[%clk 0:58:29]} 18.Bg5 {[%clk 0:46:27]} Qc7 {[%clk 0:51:23]}
19.Bd3 {[%clk 0:39:48]} Rb8 {[%clk 0:22:16]} 20.d6 {[%clk 0:26:54]}
exd6 {[%clk 0:22:42]} 21.exd6 {[%clk 0:27:22]} Qd7 {[%clk 0:19:34]}
22.Be7 {[%clk 0:23:15]} Rfe8 {[%clk 0:19:00]} 23.Ng5 {[%clk 0:23:20]}
Nb7 {[%clk 0:06:31]} 24.Nxf7 {[%clk 0:16:51]} Nxd6 {[%clk 0:06:56]}
25.Nxd6 {[%clk 0:13:46]} Rxe7 {[%clk 0:06:42]} 26.Bc4+ {[%clk 0:14:12]}
Kh8 {[%clk 0:05:43]} 27.Rxe7 {[%clk 0:14:19]} Qxe7 {[%clk 0:06:12]}
28.Nf7+ {[%clk 0:14:41]} Kg8 {[%clk 0:06:42]} 29.Ne5+ {[%clk 0:15:05]}
 1-0

[Event "Team men PL"]
[Site "Sochi"]
[Date "2020.11.22"]
[Round "4.20"]
[White "Shubin, Kirill"]
[Black "Paravyan, David"]
[Result "1/2-1/2"]
[BlackElo "2654"]
[WhiteElo "2441"]
[LiveChessVersion "1.4.8"]

1.e4 {[%clk 1:30:57]} c5 {[%clk 1:30:48]} 2.Nf3 {[%clk 1:31:22]}
Nc6 {[%clk 1:31:12]} 3.Bb5 {[%clk 1:31:43]} e6 {[%clk 1:28:59]}
4.b3 {[%clk 1:31:11]} Qf6 {[%clk 1:29:19]} 5.c3 {[%clk 1:24:43]}
Qg6 {[%clk 1:29:38]} 6.O-O {[%clk 1:20:58]} Qxe4 {[%clk 1:29:43]}
7.d4 {[%clk 1:19:13]} cxd4 {[%clk 1:29:15]} 8.Re1 {[%clk 1:06:13]}
Qd5 {[%clk 0:55:57]} 9.c4 {[%clk 0:55:08]} Qh5 {[%clk 0:48:50]}
10.Nbd2 {[%clk 0:50:30]} Nf6 {[%clk 0:27:45]} 11.Nf1 {[%clk 0:38:25]}
Bb4 {[%clk 0:20:53]} 12.Re2 {[%clk 0:37:26]} Qc5 {[%clk 0:18:41]}
13.Bg5 {[%clk 0:35:45]} Bc3 {[%clk 0:13:20]} 14.Rc1 {[%clk 0:36:03]}
Nh5 {[%clk 0:08:07]} 15.Bxc6 {[%clk 0:32:31]} bxc6 {[%clk 0:05:17]}
16.Re5 {[%clk 0:32:55]} d5 {[%clk 0:05:24]} 17.Rxc3 {[%clk 0:31:14]}
dxc3 {[%clk 0:03:11]} 18.Be3 {[%clk 0:31:42]} Qa5 {[%clk 0:02:23]}
19.Rxh5 {[%clk 0:32:03]} Qxa2 {[%clk 0:01:13]} 20.Qd4 {[%clk 0:32:03]}
f6 {[%clk 0:01:40]} 21.Qxc3 {[%clk 0:31:10]} O-O {[%clk 0:00:33]}
22.Qd3 {[%clk 0:31:03]} g6 {[%clk 0:00:51]} 23.Rh6 {[%clk 0:31:25]}
Rf7 {[%clk 0:00:33]} 24.Rxg6+ {[%clk 0:24:33]} hxg6 {[%clk 0:00:59]}
25.Qxg6+ {[%clk 0:25:00]} Rg7 {[%clk 0:01:27]} 26.Qxf6 {[%clk 0:23:11]}
Qa3 {[%clk 0:00:38]} 27.c5 {[%clk 0:23:26]} Qa5 {[%clk 0:00:58]}
28.Bd4 {[%clk 0:20:54]} Qc7 {[%clk 0:01:25]} 29.Ng3 {[%clk 0:21:06]}
Qf7 {[%clk 0:00:31]} 30.Qe5 {[%clk 0:20:27]} Qg6 {[%clk 0:00:32]}
31.h4 {[%clk 0:20:16]} Bd7 {[%clk 0:00:34]} 32.h5 {[%clk 0:19:47]}
Qh6 {[%clk 0:00:31]} 33.Be3 {[%clk 0:19:31]} Qh8 {[%clk 0:00:32]}
34.h6 {[%clk 0:18:31]} Rg6 {[%clk 0:00:52]} 35.Qc7 {[%clk 0:15:52]}
Qh7 {[%clk 0:00:31]} 36.Ng5 {[%clk 0:16:17]} Qxh6 {[%clk 0:00:32]}
37.Qxd7 {[%clk 0:16:36]} Rxg5 {[%clk 0:00:58]} 38.Qxc6 {[%clk 0:15:08]}
Rf8 {[%clk 0:00:32]} 39.Bxg5 {[%clk 0:15:29]} Qxg5 {[%clk 0:00:58]}
40.Qxe6+ {[%clk 0:45:34]} 1/2-1/2

[Event "Team men PL"]
[Site "Sochi"]
[Date "2020.11.22"]
[Round "4.21"]
[White "Chigaev, Maksim"]
[Black "Usmanov, Vasily"]
[Result "1-0"]
[BlackElo "2442"]
[WhiteElo "2615"]
[LiveChessVersion "1.4.8"]

1.e4 {[%clk 1:30:52]} e5 {[%clk 1:30:58]} 2.Bc4 {[%clk 1:31:15]}
Nf6 {[%clk 1:31:06]} 3.d3 {[%clk 1:31:36]} c6 {[%clk 1:31:16]}
4.Nf3 {[%clk 1:31:56]} d5 {[%clk 1:31:40]} 5.Bb3 {[%clk 1:32:19]}
Bb4+ {[%clk 1:31:53]} 6.Bd2 {[%clk 1:32:00]} Bxd2+ {[%clk 1:29:43]}
7.Qxd2 {[%clk 1:31:58]} a5 {[%clk 1:26:38]} 8.a4 {[%clk 1:26:25]}
dxe4 {[%clk 1:18:18]} 9.Nxe5 {[%clk 1:25:55]} O-O {[%clk 1:18:38]}
10.dxe4 {[%clk 1:26:16]} Qe7 {[%clk 1:18:45]} 11.Qf4 {[%clk 1:26:35]}
Nh5 {[%clk 1:12:23]} 12.Bxf7+ {[%clk 1:26:52]} Rxf7 {[%clk 1:12:39]}
13.Qxf7+ {[%clk 1:27:13]} Qxf7 {[%clk 1:13:07]} 14.Nxf7 {[%clk 1:27:28]}
Kxf7 {[%clk 1:13:35]} 15.Nc3 {[%clk 1:19:23]} Na6 {[%clk 1:08:25]}
16.f4 {[%clk 1:13:00]} Nc5 {[%clk 1:01:51]} 17.O-O-O {[%clk 1:12:02]}
g6 {[%clk 0:58:51]} 18.h3 {[%clk 1:01:19]} Ng3 {[%clk 0:52:37]}
19.Rhe1 {[%clk 1:01:33]} h5 {[%clk 0:51:57]} 20.Re3 {[%clk 0:49:20]}
h4 {[%clk 0:50:48]} 21.Rd8 {[%clk 0:49:34]} Ne6 {[%clk 0:36:25]}
22.Rh8 {[%clk 0:49:57]} Nxf4 {[%clk 0:30:37]} 23.Rxh4 {[%clk 0:50:04]}
Nfh5 {[%clk 0:30:26]} 24.Rg4 {[%clk 0:49:50]} Bxg4 {[%clk 0:29:56]}
25.hxg4 {[%clk 0:50:13]} Rg8 {[%clk 0:28:42]} 26.Rf3+ {[%clk 0:34:23]}
Ke6 {[%clk 0:28:40]} 27.Kd1 {[%clk 0:31:31]} Rg7 {[%clk 0:23:02]}
28.Kd2 {[%clk 0:21:54]} Nh1 {[%clk 0:16:05]} 29.gxh5 {[%clk 0:22:18]}
gxh5 {[%clk 0:16:34]} 30.Ne2 {[%clk 0:22:36]} Rxg2 {[%clk 0:16:48]}
31.Ke3 {[%clk 0:22:44]} Rh2 {[%clk 0:16:46]} 32.Nd4+ {[%clk 0:17:45]}
Ke7 {[%clk 0:16:50]} 33.Rf5 {[%clk 0:17:55]} h4 {[%clk 0:14:18]}
34.Rxa5 {[%clk 0:17:08]} h3 {[%clk 0:10:53]} 35.Ra7 {[%clk 0:16:24]}
c5 {[%clk 0:09:20]} 36.Rxb7+ {[%clk 0:16:12]} Kf6 {[%clk 0:09:38]}
37.e5+ {[%clk 0:15:06]} Kg6 {[%clk 0:10:00]} 38.Nf3 {[%clk 0:03:41]}
Rxc2 {[%clk 0:10:04]} 39.e6 {[%clk 0:03:56]} Ng3 {[%clk 0:08:55]}
40.e7 {[%clk 0:34:04]} Re2+ {[%clk 0:30:34]} 41.Kf4 {[%clk 0:22:53]}
Nh5+ {[%clk 0:30:24]} 42.Kg4 {[%clk 0:23:14]} Re3 {[%clk 0:28:25]}
43.a5 {[%clk 0:15:43]} Nf6+ {[%clk 0:28:39]} 44.Kg3 {[%clk 0:15:55]}
Re6 {[%clk 0:11:51]} 45.Kxh3 {[%clk 0:15:12]} Ne8 {[%clk 0:10:13]}
46.Rb6 {[%clk 0:14:56]} Kf5 {[%clk 0:09:53]} 47.Nh4+ {[%clk 0:15:15]}
Kf6 {[%clk 0:09:56]} 48.Ng6 {[%clk 0:15:12]} Kf7 {[%clk 0:08:50]}
49.Rxe6 {[%clk 0:15:24]} Kxe6 {[%clk 0:09:17]} 50.a6 {[%clk 0:15:14]}
Nc7 {[%clk 0:09:41]} 51.a7 {[%clk 0:15:36]} 1-0

[Event "Team men PL"]
[Site "Sochi"]
[Date "2020.11.22"]
[Round "4.22"]
[White "Pershin, Denis"]
[Black "Antipov, Mikhail Al."]
[Result "0-1"]
[BlackElo "2607"]
[WhiteElo "2387"]
[LiveChessVersion "1.4.8"]

1.d4 {[%clk 1:30:55]} Nf6 {[%clk 1:30:54]} 2.c4 {[%clk 1:31:20]}
e6 {[%clk 1:31:19]} 3.Nc3 {[%clk 1:31:34]} Bb4 {[%clk 1:31:42]}
4.Qc2 {[%clk 1:31:55]} O-O {[%clk 1:32:06]} 5.e4 {[%clk 1:32:01]}
d6 {[%clk 1:32:28]} 6.e5 {[%clk 1:32:15]} Nfd7 {[%clk 1:29:45]}
7.a3 {[%clk 1:28:43]} Bxc3+ {[%clk 1:29:28]} 8.Qxc3 {[%clk 1:29:06]}
c5 {[%clk 1:21:58]} 9.exd6 {[%clk 1:25:47]} e5 {[%clk 1:16:55]}
10.dxc5 {[%clk 1:20:54]} Nxc5 {[%clk 1:16:43]} 11.Be3 {[%clk 1:19:20]}
Qxd6 {[%clk 0:58:41]} 12.Rd1 {[%clk 1:19:21]} Qe7 {[%clk 0:56:15]}
13.Nf3 {[%clk 1:16:37]} Nbd7 {[%clk 0:47:59]} 14.b4 {[%clk 1:10:32]}
Ne4 {[%clk 0:43:22]} 15.Qc2 {[%clk 0:54:31]} Nef6 {[%clk 0:42:21]}
16.c5 {[%clk 0:45:02]} e4 {[%clk 0:37:13]} 17.Nd4 {[%clk 0:45:03]}
Ne5 {[%clk 0:37:25]} 18.Be2 {[%clk 0:41:10]} Ng6 {[%clk 0:25:35]}
19.O-O {[%clk 0:28:25]} Qe5 {[%clk 0:22:13]} 20.Nb5 {[%clk 0:22:08]}
Ng4 {[%clk 0:12:19]} 21.Bxg4 {[%clk 0:22:25]} Bxg4 {[%clk 0:12:48]}
22.Rd4 {[%clk 0:21:04]} f5 {[%clk 0:12:22]} 23.Qc4+ {[%clk 0:20:57]}
Kh8 {[%clk 0:10:34]} 24.h3 {[%clk 0:20:07]} Bxh3 {[%clk 0:08:11]}
25.gxh3 {[%clk 0:10:54]} f4 {[%clk 0:07:20]} 26.Rd5 {[%clk 0:01:06]}
Qe6 {[%clk 0:06:04]} 27.Bd4 {[%clk 0:01:00]} Qxh3 {[%clk 0:03:27]}
28.Bxg7+ {[%clk 0:00:39]} Kxg7 {[%clk 0:03:51]} 29.Qc3+ {[%clk 0:01:04]}
Qxc3 {[%clk 0:04:15]} 30.Nxc3 {[%clk 0:01:30]} Rae8 {[%clk 0:04:25]}
31.Rd7+ {[%clk 0:00:47]} Kf6 {[%clk 0:00:35]} 32.Re1 {[%clk 0:00:35]}
Kf5 {[%clk 0:01:04]} 33.Rd5+ {[%clk 0:00:43]} Re5 {[%clk 0:01:30]}
34.Rxe5+ {[%clk 0:00:42]} Nxe5 {[%clk 0:01:58]} 35.Rxe4 {[%clk 0:00:51]}
Rd8 {[%clk 0:00:48]} 36.Re2 {[%clk 0:00:45]} Rd3 {[%clk 0:01:12]}
37.Ne4 {[%clk 0:00:37]} Rd1+ {[%clk 0:01:03]} 38.Kh2 {[%clk 0:01:05]}
Nf3+ {[%clk 0:00:37]} 39.Kg2 {[%clk 0:00:56]} Nh4+ {[%clk 0:00:57]}
40.Kh2 {[%clk 0:31:13]} Nf3+ {[%clk 0:31:23]} 41.Kg2 {[%clk 0:31:38]}
Nh4+ {[%clk 0:07:28]} 42.Kh2 {[%clk 0:31:39]} h6 {[%clk 0:04:25]}
43.Nc3 {[%clk 0:20:02]} Nf3+ {[%clk 0:04:36]} 44.Kg2 {[%clk 0:20:30]}
Nh4+ {[%clk 0:04:38]} 45.Kh2 {[%clk 0:20:58]} Rd3 {[%clk 0:04:42]}
46.Ne4 {[%clk 0:19:32]} Nf3+ {[%clk 0:04:50]} 47.Kg2 {[%clk 0:18:35]}
Nh4+ {[%clk 0:05:13]} 48.Kh2 {[%clk 0:18:27]} h5 {[%clk 0:03:16]}
49.a4 {[%clk 0:09:13]} Nf3+ {[%clk 0:03:24]} 50.Kg2 {[%clk 0:09:42]}
h4 {[%clk 0:03:15]} 51.Nd6+ {[%clk 0:01:27]} Kg4 {[%clk 0:03:40]}
52.Re8 {[%clk 0:01:46]} h3+ {[%clk 0:04:03]} 53.Kf1 {[%clk 0:02:12]}
Rd1+ {[%clk 0:04:29]} 54.Ke2 {[%clk 0:02:36]} Re1+ {[%clk 0:04:53]} 0-1

[Event "Team men PL"]
[Site "Sochi"]
[Date "2020.11.22"]
[Round "4.23"]
[White "Yuffa, Daniil"]
[Black "Askerov, Marat"]
[Result "1-0"]
[BlackElo "2338"]
[WhiteElo "2565"]
[LiveChessVersion "1.4.8"]

1.d4 {[%clk 1:30:52]} Nf6 {[%clk 1:30:54]} 2.c4 {[%clk 1:31:18]}
e6 {[%clk 1:31:20]} 3.g3 {[%clk 1:31:43]} Bb4+ {[%clk 1:31:45]}
4.Bd2 {[%clk 1:32:10]} Qe7 {[%clk 1:32:10]} 5.Bg2 {[%clk 1:32:37]}
Nc6 {[%clk 1:32:33]} 6.e3 {[%clk 1:33:04]} Bxd2+ {[%clk 1:32:51]}
7.Qxd2 {[%clk 1:33:24]} d5 {[%clk 1:33:14]} 8.cxd5 {[%clk 1:29:49]}
exd5 {[%clk 1:33:39]} 9.Nc3 {[%clk 1:29:56]} Bf5 {[%clk 1:33:37]}
10.Nge2 {[%clk 1:29:04]} Ne4 {[%clk 1:32:58]} 11.Nxe4 {[%clk 1:28:37]}
Bxe4 {[%clk 1:33:14]} 12.f3 {[%clk 1:28:26]} Bf5 {[%clk 1:32:58]}
13.O-O {[%clk 1:27:57]} O-O-O {[%clk 1:11:15]} 14.Rfc1 {[%clk 1:21:44]}
h5 {[%clk 1:09:03]} 15.Rc5 {[%clk 1:19:35]} Rhe8 {[%clk 0:54:57]}
16.Rc3 {[%clk 1:17:36]} g5 {[%clk 0:53:28]} 17.Rac1 {[%clk 1:16:24]}
Rd6 {[%clk 0:44:36]} 18.b4 {[%clk 1:08:33]} Re6 {[%clk 0:41:24]}
19.e4 {[%clk 1:06:17]} dxe4 {[%clk 0:26:56]} 20.d5 {[%clk 1:05:33]}
Rd6 {[%clk 0:22:36]} 21.b5 {[%clk 0:58:21]} e3 {[%clk 0:14:23]}
22.Qb2 {[%clk 0:54:08]} Ne5 {[%clk 0:14:14]} 23.Rxe3 {[%clk 0:47:53]}
Rxd5 {[%clk 0:11:31]} 24.Nd4 {[%clk 0:47:17]} Qf6 {[%clk 0:03:47]}
25.Qc3 {[%clk 0:44:17]} Re7 {[%clk 0:03:41]} 26.Nxf5 {[%clk 0:42:26]}
Qxf5 {[%clk 0:04:04]} 27.f4 {[%clk 0:38:57]} Rd3 {[%clk 0:03:58]}
28.Rxd3 {[%clk 0:38:06]} Nxd3 {[%clk 0:04:11]} 29.Qh8+ {[%clk 0:37:51]}
Kd7 {[%clk 0:04:38]} 30.Bxb7 {[%clk 0:37:14]} Re1+ {[%clk 0:03:32]}
31.Rxe1 {[%clk 0:37:36]} Qc5+ {[%clk 0:04:00]} 32.Kh1 {[%clk 0:37:57]}
Nxe1 {[%clk 0:03:48]} 33.Bc6+ {[%clk 0:38:13]} Ke6 {[%clk 0:03:55]}
34.Qe8+ {[%clk 0:37:37]} Qe7 {[%clk 0:04:20]} 35.Bd5+ {[%clk 0:37:58]}
 1-0

[Event "Team men PL"]
[Site "Sochi"]
[Date "2020.11.22"]
[Round "4.24"]
[White "Golikov, Daniil"]
[Black "Kryakvin, Dmitry"]
[Result "0-1"]
[BlackElo "2577"]
[WhiteElo "2230"]
[LiveChessVersion "1.4.8"]

1.d4 {[%clk 1:30:57]} d5 {[%clk 1:30:51]} 2.c4 {[%clk 1:31:21]}
dxc4 {[%clk 1:31:15]} 3.Nf3 {[%clk 1:31:25]} Nf6 {[%clk 1:31:12]}
4.e3 {[%clk 1:21:29]} b5 {[%clk 1:31:19]} 5.a4 {[%clk 1:20:17]}
b4 {[%clk 1:31:11]} 6.Bxc4 {[%clk 1:18:42]} e6 {[%clk 1:31:30]}
7.Nbd2 {[%clk 1:17:40]} Be7 {[%clk 1:31:05]} 8.O-O {[%clk 1:17:27]}
O-O {[%clk 1:31:08]} 9.Qe2 {[%clk 1:13:20]} Nbd7 {[%clk 1:29:08]}
10.Rd1 {[%clk 1:09:16]} c5 {[%clk 1:24:08]} 11.Nb3 {[%clk 1:04:01]}
cxd4 {[%clk 1:12:28]} 12.Nfxd4 {[%clk 0:59:37]} Bb7 {[%clk 1:09:47]}
13.f3 {[%clk 0:43:17]} Rc8 {[%clk 1:01:02]} 14.e4 {[%clk 0:38:24]}
Qc7 {[%clk 0:57:48]} 15.Bb5 {[%clk 0:37:47]} Rfd8 {[%clk 0:40:12]}
16.Be3 {[%clk 0:25:48]} Ne5 {[%clk 0:34:20]} 17.Rdc1 {[%clk 0:21:48]}
Qb8 {[%clk 0:30:17]} 18.Na5 {[%clk 0:22:04]} Bxe4 {[%clk 0:17:26]}
19.fxe4 {[%clk 0:20:23]} Neg4 {[%clk 0:17:52]} 20.Nf3 {[%clk 0:20:15]}
Nxe3 {[%clk 0:15:20]} 21.Nc6 {[%clk 0:20:00]} Rxc6 {[%clk 0:15:21]}
22.Rxc6 {[%clk 0:20:15]} Qf4 {[%clk 0:14:30]} 23.Re1 {[%clk 0:18:18]}
Neg4 {[%clk 0:12:30]} 24.e5 {[%clk 0:16:03]} Nd5 {[%clk 0:08:28]}
25.Rc4 {[%clk 0:16:25]} Qe3+ {[%clk 0:07:40]} 26.Qxe3 {[%clk 0:16:49]}
Ngxe3 {[%clk 0:07:42]} 27.Rc6 {[%clk 0:16:41]} g5 {[%clk 0:06:40]}
28.Rec1 {[%clk 0:15:46]} g4 {[%clk 0:05:28]} 29.Ne1 {[%clk 0:16:08]}
Kg7 {[%clk 0:04:29]} 30.Rc8 {[%clk 0:16:11]} h5 {[%clk 0:02:18]}
31.Nd3 {[%clk 0:13:00]} h4 {[%clk 0:02:42]} 32.Kf2 {[%clk 0:11:47]}
Nf5 {[%clk 0:02:58]} 33.R1c4 {[%clk 0:06:02]} Rxc8 {[%clk 0:02:35]}
34.Rxc8 {[%clk 0:06:31]} Bg5 {[%clk 0:02:46]} 35.Rc4 {[%clk 0:06:38]}
g3+ {[%clk 0:01:22]} 36.hxg3 {[%clk 0:07:07]} hxg3+ {[%clk 0:01:47]}
37.Kf3 {[%clk 0:07:19]} a5 {[%clk 0:02:00]} 38.Bc6 {[%clk 0:05:36]}
Nde3 {[%clk 0:02:03]} 39.Re4 {[%clk 0:03:31]} Nc2 {[%clk 0:00:42]}
40.Kg4 {[%clk 0:32:14]} Bd2 {[%clk 0:30:37]} 41.Re2 {[%clk 0:30:34]}
Bh6 {[%clk 0:29:08]} 42.Re4 {[%clk 0:27:57]} Bd2 {[%clk 0:26:51]}
43.Kh3 {[%clk 0:28:22]} Ncd4 {[%clk 0:25:16]} 44.Rg4+ {[%clk 0:28:05]}
Kf8 {[%clk 0:23:57]} 45.Be4 {[%clk 0:28:28]} Nh6 {[%clk 0:14:36]}
46.Rh4 {[%clk 0:27:48]} Ne2 {[%clk 0:14:34]} 47.Rh5 {[%clk 0:24:06]}
Kg7 {[%clk 0:13:35]} 48.Bf3 {[%clk 0:20:44]} Nf4+ {[%clk 0:11:04]}
49.Nxf4 {[%clk 0:21:07]} Bxf4 {[%clk 0:11:29]} 50.b3 {[%clk 0:19:46]}
Nf5 {[%clk 0:10:06]} 51.Kg4 {[%clk 0:17:44]} Bxe5 {[%clk 0:10:03]}
52.Be4 {[%clk 0:15:17]} Nh6+ {[%clk 0:10:09]} 53.Kf3 {[%clk 0:15:46]}
f5 {[%clk 0:09:46]} 54.Bb7 {[%clk 0:16:06]} Nf7 {[%clk 0:06:52]}
55.Rh1 {[%clk 0:15:31]} Kf6 {[%clk 0:07:07]} 56.Rc1 {[%clk 0:13:31]}
Ng5+ {[%clk 0:05:50]} 57.Ke2 {[%clk 0:14:00]} Bc3 {[%clk 0:05:51]}
58.Kd3 {[%clk 0:14:20]} e5 {[%clk 0:06:03]} 59.Rh1 {[%clk 0:09:15]}
e4+ {[%clk 0:06:03]} 60.Ke3 {[%clk 0:09:09]} Ke5 {[%clk 0:05:13]}
61.Rh5 {[%clk 0:08:18]} Bd4+ {[%clk 0:04:02]} 62.Ke2 {[%clk 0:08:46]}
Ne6 {[%clk 0:04:22]} 63.Kf1 {[%clk 0:08:45]} Bf2 {[%clk 0:04:20]}
64.Rh8 {[%clk 0:06:20]} Nc5 {[%clk 0:04:11]} 65.Re8+ {[%clk 0:06:29]}
Kd4 {[%clk 0:04:35]} 66.Bc8 {[%clk 0:05:54]} f4 {[%clk 0:04:34]}
67.Bf5 {[%clk 0:06:20]} f3 {[%clk 0:03:31]} 68.gxf3 {[%clk 0:06:42]}
exf3 {[%clk 0:02:26]} 69.Bg4 {[%clk 0:07:08]} Nxb3 {[%clk 0:01:58]}
70.Bxf3 {[%clk 0:04:06]} Nd2+ {[%clk 0:02:16]} 71.Ke2 {[%clk 0:03:46]}
Nxf3 {[%clk 0:02:42]} 72.Kxf3 {[%clk 0:04:11]} b3 {[%clk 0:03:06]}
73.Rd8+ {[%clk 0:00:32]} Kc3 {[%clk 0:03:23]} 74.Rc8+ {[%clk 0:00:48]}
Kb4 {[%clk 0:03:24]} 75.Ke2 {[%clk 0:00:37]} Kxa4 {[%clk 0:03:32]} 0-1